000 00452nam a2200157Ia 4500
003 IQ-KOUCL
041 _aArabic
082 _a340,072 cut-296 س
100 _a20260118u\\\\\\\\\\\y0engy0103\\\\ba
100 _aد.عبيدة عامر الربيعي
245 0 _aنظرية كمال النص الجنائي
250 _aط1
260 _bمركز البحوث القانونية
_aاربيل - العراق
_c2023
300 _a392
942 _cBk
999 _c187046
_d187046